| 000 | 00937nam a22003137a 4500 | ||
|---|---|---|---|
| 003 | CHAP | ||
| 005 | 20220329134524.0 | ||
| 008 | 971013s1964 r 00010 d | ||
| 010 | _a21589 | ||
| 011 | _a22561 | ||
| 035 | _a26656 | ||
| 040 | _cCHAP | ||
| 082 |
_a599.016 _bA8 1964 |
||
| 100 | 0 | 0 |
_aAsdell, S.A. _97883 |
| 245 | _aPatterns of mammalian reproduction | ||
| 250 | _a2 ed. | ||
| 260 |
_aIthaca, N.Y. : _bComstock, _c1964 |
||
| 300 | _a670 p | ||
| 590 |
_aBATCH-UPD _b10 _c20130110 _lUCH01 _h1940 |
||
| 590 |
_aBATCH-UPD _b10 _c20130410 _lUCH01 _h1303 |
||
| 590 |
_aBATCH-UPD _b10 _c20130914 _lUCH01 _h0612 |
||
| 590 |
_aBATCH-UPD _b10 _c20130914 _lUCH01 _h2117 |
||
| 590 |
_aCONVERSION _b10 _c20130109 _lUCH01 _h1313 |
||
| 650 | 1 | 4 |
_aMamíferos _xReproducción. _970254 |
| 650 | 1 | 4 |
_aReproducción animal. _996028 |
| 901 | _aBK | ||
| 942 | _cLIBRO | ||
| 949 |
_a599.016 A8 1964 _bBC _cLIBRO _d33724000365219 _eLIBRO _h30649 _i26656 _si |
||
| 999 |
_c21589 _d21589 |
||